| Tag |
First Indicator |
Second Indicator |
Subfields |
| LEADER |
00000cam a2200000Ki 4500 |
| 001 |
in00004436739 |
| 005 |
20210728140627.0 |
| 006 |
m o d |
| 007 |
cr cnu|||unuuu |
| 008 |
210210s2021 enk o 001 0 zxx d |
| 020 |
|
|
|a 9781108963787
|q (electronic bk.)
|
| 020 |
|
|
|a 1108963781
|q (electronic bk.)
|
| 020 |
|
|
|z 9781108965637 (paperback)
|
| 024 |
8 |
|
|a 40030380628
|
| 035 |
|
|
|a (NhCcYBP)ybp301765272
|
| 040 |
|
|
|a NhCcYBP
|c NhCcYBP
|d UtOrBLW
|
| 050 |
|
4 |
|a HV713
|b .D47 2021
|
| 082 |
0 |
4 |
|a 362.7
|2 23
|
| 100 |
1 |
|
|a Desai, Murli,
|e author.
|0 http://id.loc.gov/authorities/names/n88147555
|
| 245 |
1 |
0 |
|a Child welfare, protection, and justice /
|c Murli Desai.
|
| 264 |
|
1 |
|a Cambridge :
|b Cambridge University Press,
|c 2021.
|
| 300 |
|
|
|a 1 online resource.
|
| 336 |
|
|
|a text
|b txt
|2 rdacontent
|
| 337 |
|
|
|a computer
|b c
|2 rdamedia
|
| 338 |
|
|
|a online resource
|b cr
|2 rdacarrier
|
| 490 |
0 |
|
|a Cambridge elements. Elements in child development,
|x 2632-9964
|
| 588 |
0 |
|
|a Vendor-supplied metadata.
|
| 500 |
|
|
|a Electronic resource.
|
| 650 |
|
0 |
|a Child welfare.
|0 http://id.loc.gov/authorities/subjects/sh85023396
|
| 650 |
|
0 |
|a Children's rights.
|0 http://id.loc.gov/authorities/subjects/sh85023773
|
| 650 |
|
0 |
|a Social work with children.
|0 http://id.loc.gov/authorities/subjects/sh85124089
|
| 650 |
|
0 |
|a Children
|x Legal status, laws, etc.
|0 http://id.loc.gov/authorities/subjects/sh85023456
|
| 655 |
|
7 |
|a Electronic books.
|2 local
|
| 710 |
2 |
|
|a Cambridge University Press.
|0 http://id.loc.gov/authorities/names/n50059133
|
| 856 |
4 |
0 |
|u http://proxy.library.tamu.edu/login?url=https://doi.org/10.1017/9781108963787
|z Connect to the full text of this electronic book
|t 0
|
| 945 |
|
|
|b 792746
|
| 945 |
|
|
|a machinegen
|
| 955 |
|
|
|a YBP purchased approval e-records
|
| 980 |
|
|
|b 115.00
|g 1
|
| 999 |
f |
f |
|s 0c60e72d-94a3-3d69-8dd0-eb53a3362ce2
|i 42fda513-90e5-3ca4-a884-d5f1fd7fbdc0
|t 0
|
| 952 |
f |
f |
|a Texas A&M University
|b College Station
|c Electronic Resources
|d Available Online
|t 0
|e HV713 .D47 2021
|h Library of Congress classification
|
| 998 |
f |
f |
|a HV713 .D47 2021
|t 0
|l Available Online
|